000 00467nam a2200157Ia 4500
003 GCL
008 140319s9999 xx 000 0 ara d
040 _aGCL /
_cGCL
082 0 4 _a133.42
_bع ع
100 1 _aعمر سليمان الاشقر
245 1 0 _aعالم الجن والشياطين /
_cعمر سليمان الاشقر
260 _a[S.N] :
_bدار الكتب السلفية
490 _a
650 0 4 _aالشياطين والجان
942 _2ddc
_cBK
999 _c58985
_d58985